Movies Quiz

Random Movies or Clickable Quiz

Hey, Those Characters Are Real People! Quiz Stats

 Plays Quiz Updated Apr 7, 2018

Score 0/20 Timer 05:00
5 Plays Today
% Correct
Meryl Streep
89.9%
Morgan Freeman
87.5%
Daniel Day-Lewis
85.8%
Jamie Foxx
85.7%
Will Smith
84.6%
Tom Hanks
83.4%
Elizabeth Taylor
83.3%
Gary Oldman
82.9%
Michael Fassbender
77.8%
Helen Mirren
73.6%
% Correct
Faye Dunaway
72.1%
Judi Dench
69.2%
Anthony Hopkins
68.1%
Sissy Spacek
67.8%
Chadwick Boseman
62%
Sigourney Weaver
60.3%
Felicity Jones
59.5%
F. Murray Abraham
59%
Henry Fonda
43.6%
Greer Garson
40.7%

You're not logged in!

Compare scores with friends on all Sporcle quizzes.
OR
Log In

You Might Also Like...

Show Comments

Extras

Top Quizzes Today


Score Distribution

Your Account Isn't Verified!

In order to create a playlist on Sporcle, you need to verify the email address you used during registration. Go to your Sporcle Settings to finish the process.

Report this User

Report this user for behavior that violates our Community Guidelines.

Details: